Liebestraum /
Uloženo v:
| Hlavní autor: | |
|---|---|
| Další autoři: | , , |
| Médium: | |
| Jazyk: | angličtina |
| Edice: | (Avant-Garde Cinema)
|
| Témata: | |
| Tagy: |
Žádné tagy, Buďte první, kdo vytvoří štítek k tomuto záznamu!
|
MARC
| LEADER | 00000ngm^a2200000^a^4500 | ||
|---|---|---|---|
| 001 | 000312881 | ||
| 005 | 20250521000000.0 | ||
| 009 | 20260310113127.673 | ||
| 020 | |a 0-7928-5032-7 | ||
| 037 | |a Acervo ITESO - Biblioteca | ||
| 041 | |a ING | ||
| 082 | |a 810. |b FIG | ||
| 100 | |a Figgis, Mike |e (realización) | ||
| 245 | 1 | 0 | |a Liebestraum / |c Realización de M. Figgis. |
| 264 | 2 | |a Santa Mónica, EUA : |b Metro-Goldwyn-Mayer [distribución], |c 2001, c2001 | |
| 300 | |a 1 DVD región 1 |c (105 min.) | ||
| 336 | |a imagen móvil bidimensional |b tdi |2 rdacontenido | ||
| 337 | |a video |b v |2 rdamedio | ||
| 338 | |a videodisco |b vd |2 rdasoporte | ||
| 440 | 1 | |a (Avant-Garde Cinema) | |
| 546 | |a En inglés, con subtítulos opcionales: español, francés | ||
| 546 | |a Doblaje opcional: francés | ||
| 649 | |a XX | ||
| 650 | |a Cineastas Ingleses | ||
| 650 | |a Dramas Cinematográficos | ||
| 650 | |a Cine Norteamericano - |y 1990-1999 | ||
| 650 | |a Cine Norteamericano - |y Siglo XX | ||
| 650 | |a Relaciones Padres-Hijos | ||
| 650 | |a Amistad | ||
| 650 | |a Pasión Amorosa | ||
| 650 | |a Relaciones de Pareja | ||
| 650 | |a Erotismo | ||
| 650 | |a Demoliciones | ||
| 650 | |a Valoración Patrimonial e Histórica | ||
| 650 | |a Arquitectura | ||
| 700 | |a Anderson, Kevin |e (actuación) | ||
| 700 | |a Gidley, Pamela |e (actuación) | ||
| 700 | |a Pullman, Bill |e (actuación) | ||
| 910 | |a Fondo General | ||
| 920 | |a Audiovisuales - DVDs | ||
| 940 | |a Películas | ||
| 905 | |a 302 | ||
| 901 | |a 0500202365 |b IT2 |c DVS |i C128842 |u 20250521 | ||
| 902 | |a https://opac.biblio.iteso.mx/vufind/Record/000312881 | ||